[Event "FRA-ch U18 Girls"]
[Site "Gonfreville"]
[Date "2016.??.??"]
[Round "1"]
[White "Fesselier, Melissa"]
[Black "Gromas, Hermine"]
[Result "1-0"]
[WhiteElo "2000"]
[BlackElo "1327"]
[PlyCount "67"]
[EventDate "2016.04.22"]
[EventType "swiss"]
[EventRounds "9"]
[EventCountry "FRA"]
[SourceTitle "EXT 2019"]
[Source "ChessBase"]
[SourceDate "2018.10.10"]
[SourceVersion "1"]
[SourceVersionDate "2018.10.10"]
[SourceQuality "1"]

1. e4 c6 2. d4 d5 3. exd5 cxd5 4. h3 Bf5 5. Nf3 h6 6. Nc3 e6 7. Ne5 a6 8. Bd3 Bxd3 9. Nxd3 Bd6 10. 0-0 Nf6 11. Ne5 0-0 12. Ng4 Nbd7 13. Re1 Nxg4 14. Qxg4 Nf6 15. Qf3 Qb6 16. Rd1 Rac8 17. a4 a5 18. Rb1 Rc4 19. Bxh6 Rxd4 20. Rxd4 Qxd4 21. Nb5 Qe5 22. Nxd6 Qxd6 23. Bd2 Qc5 24. c3 Ne4 25. Be3 Qc4 26. Rd1 Qxa4 27. Bd4 Qb3 28. Qg4 g6 29. Re1 Qb5 30. f3 Nd6 31. Qh4 f5 32. Rxe6 Kf7 33. Qf6+ Kg8 34. Qg7# 1-0

[Event "FRA-chT GpA (Women)"]
[Site "Montpellier"]
[Date "2015.05.08"]
[Round "4.2"]
[White "Fesselier, Melissa"]
[Black "Armas, Lara Maria"]
[Result "1/2-1/2"]
[WhiteElo "1931"]
[BlackElo "1931"]
[PlyCount "44"]
[EventDate "2015.05.07"]
[EventType "team-tourn"]
[EventRounds "7"]
[EventCountry "FRA"]
[SourceTitle "CBM 166 Extra"]
[Source "ChessBase"]
[SourceDate "2015.06.18"]
[SourceVersion "1"]
[SourceVersionDate "2015.06.18"]
[SourceQuality "1"]
[WhiteTeam "Bischwiller (W)"]
[BlackTeam "Naujac (W)"]
[WhiteTeamCountry "FRA"]
[BlackTeamCountry "FRA"]

1. e4 c5 2. Nf3 d6 3. Nc3 Nf6 4. d4 cxd4 5. Qxd4 Nc6 6. Bb5 Bd7 7. Bxc6 Bxc6 8. Bg5 Qb6 9. Qxb6 axb6 10. Bxf6 gxf6 11. Nd4 Rg8 12. Rg1 e6 13. 0-0-0 Be7 14. a3 0-0-0 15. g3 d5 16. exd5 Bxd5 17. Nxd5 Rxd5 18. Ne2 Rgd8 19. Rxd5 Rxd5 20. Rd1 Rf5 21. f4 h5 22. h3 Kc7 1/2-1/2

[Event "FRA-ch U18 Girls"]
[Site "Pau"]
[Date "2015.05.03"]
[Round "9"]
[White "Rouffignac, Marie"]
[Black "Fesselier, Melissa"]
[Result "1/2-1/2"]
[WhiteElo "1858"]
[BlackElo "1927"]
[PlyCount "86"]
[EventDate "2015.04.26"]
[EventType "swiss"]
[EventRounds "9"]
[EventCountry "FRA"]
[SourceTitle "CBM 166 Extra"]
[Source "ChessBase"]
[SourceDate "2015.06.18"]
[SourceVersion "1"]
[SourceVersionDate "2015.06.18"]
[SourceQuality "1"]

1. e4 c5 2. Nf3 e6 3. g3 Nc6 4. Bg2 d6 5. d4 cxd4 6. Nxd4 e5 7. Nb3 Nf6 8. Nc3 Bg4 9. f3 Be6 10. 0-0 d5 11. exd5 Nxd5 12. Nxd5 Bxd5 13. Be3 Rc8 14. c3 Be7 15. Qe2 Qd7 16. f4 Bxg2 17. Kxg2 0-0 18. Rad1 Qc7 19. fxe5 Qxe5 20. Qf3 Bf6 21. Rfe1 Qb5 22. Qf2 a6 23. Nc5 Ne5 24. Bd4 Qc6+ 25. Ne4 Ng4 26. Qf3 Bxd4 27. cxd4 f5 28. Nd2 Qh6 29. h3 Nf6 30. Qxf5 Rcd8 31. Nf3 Rd5 32. Qe6+ Kh8 33. Ne5 Qh5 34. g4 Qh4 35. Nf7+ Rxf7 36. Qxf7 h6 37. Qxb7 Kh7 38. Qc8 Rg5 39. Qc6 Nxg4 40. Qe4+ Kh8 41. Qe8+ Kh7 42. Qe4+ Kh8 43. Qxg4 Qxg4+ 1/2-1/2

[Event "FRA-ch U18 Girls"]
[Site "Pau"]
[Date "2015.04.29"]
[Round "5"]
[White "Fesselier, Melissa"]
[Black "Saliou, Sarah"]
[Result "1/2-1/2"]
[WhiteElo "1937"]
[BlackElo "1735"]
[PlyCount "159"]
[EventDate "2015.04.26"]
[EventType "swiss"]
[EventRounds "9"]
[EventCountry "FRA"]
[SourceTitle "CBM 166 Extra"]
[Source "ChessBase"]
[SourceDate "2015.06.18"]
[SourceVersion "1"]
[SourceVersionDate "2015.06.18"]
[SourceQuality "1"]

1. e4 c5 2. Nf3 Nc6 3. d4 cxd4 4. Nxd4 g6 5. Nc3 Bg7 6. Be3 Nf6 7. f3 0-0 8. Qd2 d5 9. Nxc6 bxc6 10. exd5 cxd5 11. Be2 e5 12. Bg5 Bb7 13. 0-0 d4 14. Ne4 Bxe4 15. Bxf6 Qxf6 16. fxe4 Qb6 17. Bc4 Rac8 18. b3 Rc7 19. Kh1 Qc6 20. Qe2 Kh8 21. Rf3 f5 22. Raf1 f4 23. Rh3 Rf6 24. Qf3 Qd7 25. Qe2 Rc8 26. c3 dxc3 27. Rd1 Rd6 28. Rxd6 Qxd6 29. Rxc3 Rd8 30. Rd3 Qc7 31. Qd1 Bf6 32. Rxd8+ Qxd8 33. Qxd8+ Bxd8 34. Kg1 Kg7 35. Kf1 Kf6 36. Ke2 Ke7 37. Kd2 Ba5+ 38. Kc2 Kd6 39. a3 Bb6 40. b4 g5 41. Be2 Bd4 42. Kb3 Kc6 43. Kc4 Bg1 44. h3 Bd4 45. Bh5 Bb2 46. Be8+ Kd6 47. a4 Bd4 48. a5 Be3 49. b5 Bd4 50. Kd3 Ke7 51. Bh5 Ke6 52. Ke2 h6 53. Bg4+ Kf6 54. Kd3 Ke7 55. Kc4 Kd6 56. Be2 Be3 57. Kb3 Bd4 58. Kc2 Be3 59. Kd1 Bd4 60. Bd3 Ke6 61. b6 axb6 62. a6 b5 63. Bxb5 Be3 64. Be8 Ke7 65. Bh5 Bd4 66. Ke2 Be3 67. Kd3 Kd6 68. Kc4 Kc6 69. Be8+ Kd6 70. Kd3 Bd4 71. Ke2 Ke7 72. Bh5 Be3 73. g3 Bd4 74. gxf4 gxf4 75. Kf3 Kf6 76. Kg4 Be3 77. Be8 Bd4 78. Bh5 Be3 79. Be8 Bd4 80. Bh5 1/2-1/2

[Event "FRA-ch U18 Girls"]
[Site "Pau"]
[Date "2015.04.27"]
[Round "2"]
[White "Sauve, Anne Charlotte"]
[Black "Fesselier, Melissa"]
[Result "1/2-1/2"]
[WhiteElo "1738"]
[BlackElo "1937"]
[PlyCount "39"]
[EventDate "2015.04.26"]
[EventType "swiss"]
[EventRounds "9"]
[EventCountry "FRA"]
[SourceTitle "CBM 166 Extra"]
[Source "ChessBase"]
[SourceDate "2015.06.18"]
[SourceVersion "1"]
[SourceVersionDate "2015.06.18"]
[SourceQuality "1"]

1. e4 c5 2. Nf3 e6 3. c3 d5 4. exd5 Qxd5 5. d4 Nf6 6. Be2 cxd4 7. cxd4 Be7 8. 0-0 0-0 9. Nc3 Qd8 10. Be3 Nc6 11. a3 h6 12. Qd2 Bd6 13. Rfd1 Ne7 14. Rac1 Ned5 15. Ne5 Nxe3 16. Qxe3 Nd5 17. Qe4 Nf6 18. Qe3 Nd5 19. Qe4 Nf6 20. Qe3 1/2-1/2

[Event "Wch U16 Girls"]
[Site "Durban"]
[Date "2014.09.21"]
[Round "3"]
[White "Fesselier, Melissa"]
[Black "Mahalakshmi, Muganda Kumar"]
[Result "0-1"]
[WhiteElo "1966"]
[BlackElo "2048"]
[PlyCount "54"]
[EventDate "2014.09.20"]
[EventType "swiss"]
[EventRounds "11"]
[EventCountry "RSA"]
[SourceTitle "CBM 162 Extra"]
[Source "ChessBase"]
[SourceDate "2014.10.17"]
[SourceVersion "1"]
[SourceVersionDate "2014.10.17"]
[SourceQuality "1"]

1. e4 c6 2. d4 d5 3. exd5 cxd5 4. c4 Nf6 5. Nc3 Nc6 6. Bg5 Be6 7. c5 g6 8. Be2 Bg7 9. Nf3 0-0 10. 0-0 Ne4 11. Bf4 Bg4 12. Be3 Qd7 13. h3 Bf5 14. Bb5 Rfd8 15. Bf4 Nxc3 16. bxc3 Be4 17. Nd2 Qf5 18. Be3 e5 19. f3 Bc2 20. Qc1 exd4 21. g4 Qe5 22. Bf2 d3 23. Nb1 Na5 24. Re1 Qc7 25. Kg2 a6 26. Bh4 axb5 27. Bxd8 Rxd8 0-1

[Event "Wch U16 Girls"]
[Site "Durban"]
[Date "2014.09.20"]
[Round "1"]
[White "Fesselier, Melissa"]
[Black "Liao, Jo Yu"]
[Result "1-0"]
[WhiteElo "1966"]
[BlackElo "1438"]
[PlyCount "71"]
[EventDate "2014.09.20"]
[EventType "swiss"]
[EventRounds "11"]
[EventCountry "RSA"]
[SourceTitle "CBM 162 Extra"]
[Source "ChessBase"]
[SourceDate "2014.10.17"]
[SourceVersion "1"]
[SourceVersionDate "2014.10.17"]
[SourceQuality "1"]

1. e4 e5 2. Nf3 Nc6 3. Bc4 Bc5 4. c3 Nf6 5. d3 d6 6. Bb3 h6 7. Nbd2 0-0 8. h3 a6 9. Nf1 Be6 10. Bc2 d5 11. Qe2 Re8 12. Ng3 Bd6 13. 0-0 b5 14. Rd1 dxe4 15. dxe4 Bc4 16. Bd3 Bxd3 17. Qxd3 Nh7 18. Be3 Ne7 19. Nh4 Nf8 20. Qe2 Nfg6 21. Nhf5 Nxf5 22. Nxf5 Qf6 23. Qg4 Kh7 24. Rd2 Ne7 25. Nxd6 cxd6 26. Rad1 Nc8 27. Rd3 Qe6 28. Qh5 Qxa2 29. Rd5 Rf8 30. R1d3 Qxb2 31. Bxh6 gxh6 32. Qf5+ Kh8 33. Qf6+ Kh7 34. Rg3 Qc1+ 35. Kh2 Qf4 36. Qg7# 1-0

[Event "GER-ch U16 Girls"]
[Site "Oberhof"]
[Date "2013.05.19"]
[Round "1"]
[White "Fesselier, Melissa"]
[Black "Bork, Sophie"]
[Result "1-0"]
[WhiteElo "1738"]
[BlackElo "1434"]
[PlyCount "47"]
[EventDate "2013.05.19"]
[EventType "swiss"]
[EventRounds "9"]
[EventCountry "GER"]
[SourceTitle "CBM 154 Extra"]
[Source "ChessBase"]
[SourceDate "2013.06.25"]
[SourceVersion "2"]
[SourceVersionDate "2013.06.25"]
[SourceQuality "1"]

1. e4 e5 2. Nf3 Nc6 3. Bc4 Bc5 4. c3 Nf6 5. d3 a6 6. Bb3 d6 7. Nbd2 0-0 8. 0-0 h6 9. h3 Be6 10. Re1 Qd7 11. Nf1 Kh8 12. Ng3 Ne7 13. Bd2 Rae8 14. d4 exd4 15. cxd4 Bxb3 16. Qxb3 Bb6 17. Rad1 Qe6 18. d5 Qd7 19. Qc3 Qb5 20. Bxh6 gxh6 21. Qxf6+ Kh7 22. Nh5 Rg8 23. Qxf7+ Kh8 24. Nf6 1-0

[Event "GER-ch U14 Girls"]
[Site "Oberhof"]
[Date "2012.05.30"]
[Round "6"]
[White "Sherif, Amina"]
[Black "Fesselier, Melissa"]
[Result "0-1"]
[WhiteElo "1572"]
[BlackElo "1695"]
[PlyCount "104"]
[EventDate "2012.05.27"]
[EventType "swiss"]
[EventRounds "9"]
[EventCountry "GER"]
[SourceTitle "CBM 148 Extra"]
[Source "ChessBase"]
[SourceDate "2012.06.22"]
[SourceVersion "1"]
[SourceVersionDate "2012.06.22"]
[SourceQuality "1"]

1. e4 e6 2. Nc3 d5 3. Nf3 d4 4. Ne2 c5 5. Ng3 Nf6 6. Bc4 Nc6 7. a3 a6 8. d3 Bd6 9. 0-0 0-0 10. c3 h6 11. Qc2 Qc7 12. Ne2 Rd8 13. Kh1 b5 14. Ba2 Qb6 15. Ne1 Bc7 16. f4 Bb7 17. f5 exf5 18. Rxf5 Ne7 19. Rf3 c4 20. Nxd4 cxd3 21. Qb3 Rf8 22. Be3 Qd6 23. Bf4 Qd7 24. Bxh6 Ng6 25. Rxf6 gxf6 26. Bxf8 Rxf8 27. Nxd3 Qd6 28. e5 fxe5 29. Qb4 Qxb4 30. Nxb4 exd4 31. cxd4 Nf4 32. d5 Rd8 33. Rd1 a5 34. g3 axb4 35. gxf4 bxa3 36. bxa3 Bxf4 37. Kg1 Bd6 38. Rd3 Ra8 39. Kg2 Rxa3 40. Rxa3 Bxa3 41. Kg3 Bd6+ 42. Kg2 b4 43. h4 Kg7 44. Kf3 Be7 45. Kg4 Bc8+ 46. Kg3 Bf5 47. Bb3 Kf6 48. Kf4 Bd6+ 49. Kf3 Ke5 50. h5 Be4+ 51. Kg4 Bxd5 52. h6 Bf8 0-1